书目信息 |
| 题名: |
公共经济学
|
|
| 作者: | 姜杰 , 马全江 主编 | |
| 分册: | ||
| 出版信息: | 济南 山东人民出版社 2003.09 |
|
| 页数: | 354页 | |
| 开本: | 21cm | |
| 丛书名: | 公共管理·MPA | |
| 单 册: | ||
| 中图分类: | F062.6 | |
| 科图分类: | ||
| 主题词: | 公共经济学--gong gong jing ji xue--研究生--教材 | |
| 电子资源: | ||
| ISBN: | 7-209-03294-0 | |
| 000 | 01047nam 2200289 450 | |
| 001 | 012008198749 | |
| 005 | 20080423184105.31 | |
| 010 | @a7-209-03294-0@dCNY18.00 | |
| 100 | @a20080423d2003 km y0chiy0120 ea | |
| 101 | 0 | @achi |
| 102 | @aCN@b370000 | |
| 105 | @aa a 000yy | |
| 106 | @ar | |
| 200 | 1 | @a公共经济学@Agong gong jing ji xue@d= Economics of public sector@f姜杰, 马全江主编@Fjiang jie,ma quan jiang zhu bian@zeng |
| 210 | @a济南@c山东人民出版社@d2003.09 | |
| 215 | @a354页@c图@d21cm | |
| 225 | 2 | @a公共管理·MPA@Agong gong guan li·MPA |
| 230 | @a有书目。 | |
| 330 | @a本书讲述了公共经济学导论、政府与市场、效率与公平、公共物品、公共选择、公共支出、国家税收、我国财政税收体制的实践与分析等十章内容。 | |
| 410 | 0 | @12001 @a公共管理·MPA |
| 510 | 1 | @aEconomics of public sector@zeng |
| 606 | 0 | @a公共经济学@Agong gong jing ji xue@x研究生@j教材 |
| 690 | @aF062.6@v4 | |
| 701 | 0 | @a姜杰@Ajiang jie@4主编 |
| 701 | 0 | @a马全江@Ama quan jiang@4主编 |
| 801 | 0 | @aCN@bQSSK@c20080423 |
| 905 | @b20702897-99@dF062.6@eJ511@f3 | |
| 公共经济学= Economics of public sector/姜杰, 马全江主编.-济南:山东人民出版社,2003.09.-有书目。 |
| 354页:图;21cm.-(公共管理·MPA) |
| ISBN 7-209-03294-0:CNY18.00 |
| 本书讲述了公共经济学导论、政府与市场、效率与公平、公共物品、公共选择、公共支出、国家税收、我国财政税收体制的实践与分析等十章内容。 |
| ● |
| 相关链接 |
|
|
|
正题名:公共经济学
索取号:F062.6/J511
 
预约/预借
| 序号 | 登录号 | 条形码 | 馆藏地/架位号 | 状态 | 备注 |
| 1 | 702897 | 207028973 | 社科二线422/409社科库 65排3列1层/ [索取号:F062.6/J511] | 在馆 | |
| 2 | 702898 | 207028982 | 社科库409/409社科库 65排3列1层/ [索取号:F062.6/J511] | 在馆 | |
| 3 | 702899 | 207028991 | 社科二线422/409社科库 65排3列1层/ [索取号:F062.6/J511] | 在馆 |